|
|
|
|
| LEADER |
00000nab a2200000 a 4500 |
| 001 |
vtls000833380 |
| 003 |
SK-MaSNL |
| 005 |
20260318114733.0 |
| 008 |
160405c2003 xo 0 hun |
| 015 |
|
|
|a SNBRB2003/04-13232
|
| 035 |
|
|
|a CLN000185035
|
| 040 |
|
|
|a SNKBUCL
|b slo
|c SNKBUCL
|e AACR2
|
| 041 |
0 |
|
|a hun
|
| 044 |
|
|
|a xo
|c SK
|
| 080 |
|
|
|a 792(437.6=945.11)
|2 1997
|
| 100 |
1 |
|
|a Vrabec, Mária,
|d 1970-
|4 aut
|9 102331
|
| 245 |
1 |
0 |
|a Van-e diktatúra a Jókai Színházban
|b nem generációk, művészi világnézetek ütköznek egymással a kulisszák mögött
|c Vrabec Mária
|
| 300 |
|
|
|b Fotogr.
|
| 610 |
2 |
7 |
|a Jókaiho divadlo v Komárne - Komáromi Jókai Színház
|2 snkbucl
|9 32950
|
| 651 |
|
7 |
|a Komárno (Slovensko : okres)
|2 snkbucl
|9 15954
|
| 655 |
|
7 |
|a články z novín a časopisov
|2 snkbucl
|9 267496
|
| 773 |
0 |
|
|t Vasárnap
|g Roč. 36, č. 10 (2003), s. 16-18
|
| 850 |
|
|
|a Slovenská národná knižnica v Martine
|
| 852 |
|
|
|a SNK
|b KIS3GCP
|
| 958 |
|
|
|a HU
|
| 958 |
|
|
|a SK
|
| 958 |
|
|
|a RBX
|
| 999 |
|
|
|c 3329005
|d 3330935
|